| 000 | 00404cam a22001337a 4500 | ||
|---|---|---|---|
| 008 | 180718b1965 xxu||||| |||| 00| 0 eng d | ||
| 082 | _aLx54 F/4 | ||
| 100 | _aIndia. Finance Commission | ||
| 245 | _aReport of the Fourth Finance Commission, 1965 | ||
| 260 |
_aDelhi _bThe Manager of Publications _c1965 |
||
| 300 | _a234+p. | ||
| 500 | _aChairman: P.V. Rajamannar | ||
| 700 | _aRajamannar, P.V. (Chairman) | ||
| 999 |
_c489552 _d489552 |
||